Across the border : (Record no. 552151)

000 -LEADER
fixed length control field 00679cam a2200193Ia 4500
082 ## - DEWEY DECIMAL CLASSIFICATION NUMBER
Classification number 954.91
Author Mark OLI
100 1# - MAIN ENTRY--PERSONAL NAME
Personal name Oliver, Edward Emmerson.
9 (RLIN) 3929
245 10 - TITLE STATEMENT
Title Across the border :
Remainder of title or, Pathân and Biloch /
Statement of responsibility, etc. by Edward E. Oliver ; illustrated by J.L. Kipling.
260 ## - PUBLICATION, DISTRIBUTION, ETC.
Place of publication, distribution, etc. London :
Name of publisher, distributor, etc. Chapman and Hall,
Date of publication, distribution, etc. 1890.
300 ## - PHYSICAL DESCRIPTION
Extent xi, 344 p. :
Other physical details ill. ; 23 cm.
500 ## - GENERAL NOTE
General note Includes index.
526 ## - STUDY PROGRAM INFORMATION NOTE
Program name 0
Interest level 0
Reading level 0
Title point value 954_910000000000000_OLI
650 #0 - SUBJECT ADDED ENTRY--TOPICAL TERM
Topical term or geographic name entry element Baluchi (Southwest Asian people)
9 (RLIN) 3931
650 #0 - SUBJECT ADDED ENTRY--TOPICAL TERM
Topical term or geographic name entry element Ethnology
Geographic subdivision Pakistan
-- Balochistān.
9 (RLIN) 49362
650 #0 - SUBJECT ADDED ENTRY--TOPICAL TERM
Topical term or geographic name entry element Ethnology
Geographic subdivision Pakistan
-- Khyber Pakhtunkhwa.
9 (RLIN) 3757
650 #0 - SUBJECT ADDED ENTRY--TOPICAL TERM
Topical term or geographic name entry element MCE
9 (RLIN) 379
650 #0 - SUBJECT ADDED ENTRY--TOPICAL TERM
Topical term or geographic name entry element Pushtuns.
9 (RLIN) 3930
942 ## - ADDED ENTRY ELEMENTS (KOHA)
Source of classification or shelving scheme
Koha item type Book
Holdings
Withdrawn status Lost status Source of classification or shelving scheme Damaged status Not for loan Permanent Location Current Location Shelving location Date acquired Total Checkouts Full call number Barcode Date last seen Price effective from Koha item type
          Military College of Engineering (MCE) Military College of Engineering (MCE)   01/09/2015   954.91 OLI MCE-ECA/37 01/09/2015 01/09/2015 Book
© 2023 Central Library, National University of Sciences and Technology. All Rights Reserved.